[Event "GER-chT U14"]
[Site "Magdeburg"]
[Date "2018.12.28"]
[Round "4.4"]
[White "Gilbert, Tim"]
[Black "Helmsdorf, Marius"]
[Result "0-1"]
[WhiteElo "1617"]
[BlackElo "1533"]
[PlyCount "82"]
[EventDate "2018.12.27"]
[EventType "team-swiss"]
[EventRounds "7"]
[EventCountry "GER"]
[SourceTitle "CBM 188 Extra"]
[Source "ChessBase"]
[SourceDate "2019.02.28"]
[SourceVersion "1"]
[SourceVersionDate "2019.02.28"]
[SourceQuality "1"]
[WhiteTeam "Erlangen"]
[BlackTeam "Gera"]
[WhiteTeamCountry "GER"]
[BlackTeamCountry "GER"]

1. e4 c5 2. Nf3 d6 3. d4 cxd4 4. Nxd4 Nf6 5. Nc3 g6 6. Be3 Bg7 7. Bc4 a6 8. Bb3 Nbd7 9. f3 b5 10. Qd2 Nc5 11. h4 Nxb3 12. Nxb3 h5 13. 0-0-0 Bb7 14. e5 dxe5 15. Qxd8+ Rxd8 16. Rxd8+ Kxd8 17. Nc5 Kc7 18. Rd1 b4 19. N3e4 Nd5 20. Bf2 Bh6+ 21. Kb1 Rd8 22. Bg3 Bf4 23. Bxf4 exf4 24. b3 Bc8 25. Kb2 Kc6 26. Nd3 Bf5 27. Ne5+ Kc7 28. Nxf7 Rd7 29. Nc5 Ne3 30. Nxa6+ Kc8 31. Rxd7 Kxd7 32. c4 bxc3+ 33. Kxc3 Nxg2 34. a4 Nxh4 35. a5 Nxf3 36. Nc5+ Kc6 37. Kb4 Bc8 38. Nd3 h4 39. Nxf4 h3 40. Nxh3 Bxh3 41. Kc4 Be6+ 0-1

[Event "Nuremberg Zabo op 20th"]
[Site "Nuremberg"]
[Date "2018.09.15"]
[Round "3"]
[White "Haschemi, Said Habieb"]
[Black "Gilbert, Tim"]
[Result "1-0"]
[WhiteElo "1489"]
[BlackElo "1251"]
[PlyCount "149"]
[EventDate "2018.09.15"]
[EventType "swiss"]
[EventRounds "5"]
[EventCountry "GER"]
[SourceTitle "EXT 2020"]
[Source "ChessBase"]
[SourceDate "2019.10.17"]
[SourceVersion "1"]
[SourceVersionDate "2019.10.17"]
[SourceQuality "1"]

1. b3 d5 2. Bb2 e6 3. e3 c5 4. Nf3 Nf6 5. Ne5 Bd6 6. f4 Bxe5 7. Bxe5 Nc6 8. Bb5 0-0 9. Bxc6 bxc6 10. 0-0 Nd7 11. Bb2 Nb6 12. Qg4 f6 13. Rf3 c4 14. Rg3 Qc7 15. Qh5 Qf7 16. Qh4 cxb3 17. axb3 Bb7 18. d3 Rfd8 19. Nd2 a5 20. Bd4 Nd7 21. Bc3 Ra6 22. Bxa5 Rda8 23. b4 c5 24. c3 cxb4 25. cxb4 Nb8 26. Nb3 Bc6 27. Rc1 Bb5 28. Rc8+ Be8 29. Qh6 Nd7 30. Rc2 Kh8 31. Qh4 Rb8 32. Rf3 Qg6 33. Nc1 e5 34. f5 Qh5 35. Qxh5 Bxh5 36. Rff2 g6 37. Rc7 Rd8 38. Rfc2 Raa8 39. Rb7 Rdc8 40. Rcc7 Nf8 41. Ra7 gxf5 42. Rxa8 Rxa8 43. Nb3 Ne6 44. Rc6 Bf7 45. Nc5 Nxc5 46. Rxc5 Kg8 47. Rc6 Kg7 48. Kf2 Be8 49. Rc5 Bf7 50. Kf3 Be8 51. e4 dxe4+ 52. dxe4 fxe4+ 53. Kxe4 Kf7 54. Kf5 Bd7+ 55. Ke4 Ke6 56. g4 Rg8 57. h3 h5 58. Kf3 Kd6 59. Bc7+ Ke7 60. gxh5 Bxh3 61. b5 Rg5 62. Kf2 e4 63. Rxg5 fxg5 64. Ke3 Kf7 65. Bd8 g4 66. b6 g3 67. b7 g2 68. Kf2 e3+ 69. Kg1 e2 70. Ba5 e1Q+ 71. Bxe1 Bc8 72. bxc8Q Kg7 73. Qe6 Kf8 74. Qd7 Kg8 75. Qe7 1-0

[Event "Bayernliga U20 1718"]
[Site "Bayern"]
[Date "2017.12.02"]
[Round "2.6"]
[White "Bruell, Elias"]
[Black "Gilbert, Tim"]
[Result "1-0"]
[WhiteElo "1800"]
[BlackElo "1323"]
[PlyCount "51"]
[EventDate "2017.11.18"]
[EventType "team-tourn"]
[EventRounds "7"]
[EventCountry "GER"]
[SourceTitle "EXT 2022"]
[Source "ChessBase"]
[SourceDate "2021.10.06"]
[SourceVersion "1"]
[SourceVersionDate "2021.10.06"]
[SourceQuality "1"]
[WhiteTeam "Regensburg Bavaria U20"]
[BlackTeam "Erlangen SC U20"]
[WhiteTeamCountry "GER"]
[BlackTeamCountry "GER"]

1. e4 e6 2. d4 d5 3. e5 c5 4. c3 Nc6 5. Nf3 Qb6 6. a3 a5 7. a4 Nh6 8. Na3 Nf5 9. Nb5 Be7 10. Be3 0-0 11. Bd3 Nxe3 12. fxe3 Bd7 13. 0-0 f6 14. Nh4 f5 15. Nf3 Be8 16. Qe1 Bh5 17. Qg3 Rf7 18. Ng5 Bxg5 19. Qxg5 g6 20. Nd6 Rg7 21. Qf6 c4 22. Qxe6+ Kf8 23. Bxf5 gxf5 24. Rxf5+ Bf7 25. Rxf7+ Kg8 26. Rf8+ 1-0